000
00311nam a2200097Ia 4500
082
_a
790.1 HORO
245
0
_a
International games : building skills through multicultural play
100
_a
Horowitz, Gayle L, 1971- Champaign,, [c.2009]
_9
76183
942
_c
BK
008
210817s9999 xx 000 0 und d
999
_c
252896
_d
252895